Ribe-bé-béu! Laréu-ao-léu! (Registo nº 17621)

Detalhes MARC
000 -Etiqueta do registo
Valores 00841nam a22002171i 4500
010 ## - Número ISBN
ISBN 9789899757905
090 ## -
-- 17621
100 ## - Dados gerais de processamento
Dados gerais 20170304u u u0frey50 ba
101 0# - Língua de publicação
-- por
200 1# - Titulo e menção de responsabilidade
Primeira menção de responsabilidade Joaninha de Cabeção
Título próprio Ribe-bé-béu! Laréu-ao-léu!
210 ## - Publicação
Nome do editor Lupa Design de Comunicação e Ideias
Local de publicação Lisboa
Data de publicação 2011
215 ## - Descrição física 
Paginação / Volumes 45, [1] p.
Outras indicações físicas il.
Dimensões 24 cm
Material acompanhante 1 CD
300 ## - Notas gerais 
Texto da nota Inclui CD com voz de Joaninha de Cabeção, música de Sónia Mendes e gravação e masterização do áudio de Carlos Menezes. - Apoio da Câmara Municipal de Viana do Alentejo
606 ## - Nome comum usado como assunto
ID Autoridade 187
Palavra de ordem Histórias para crianças
675 ## - CDU
Notação 8:087.5
-- 69
700 #1 - Autor principal (pessoa individual)
Apelido Cabeção
Nome Joaninha de
-- 070
702 #1 - Autor secundário (pessoa individual)
Apelido Pequenos Artistas do Concelho de Viana do Alentejo
-- 440
702 #1 - Autor secundário (pessoa individual)
Apelido Wojciechowska
Nome Danuta
-- 440
Datas 1960-
ID Autoridade 2379
801 ## - Fonte de origem
País PT
Regras de catalogação RPC
990 ## - Elementos KOHA
Tipo de documento Livro
Exemplares
Situação do levantamento Estado Biblioteca de origem Biblioteca de empréstimo Código de barras Cota Permissão de empréstimo Tipo de documento Nota relativa ao exemplar
  Completo Biblioteca Municipal de Viana Do Alentejo Biblioteca Municipal de Viana Do Alentejo 0023368 8 CAB Disponível Livro 6-10 anos
  Consulta em Sala Biblioteca Municipal de Viana Do Alentejo Biblioteca Municipal de Viana Do Alentejo 0028798 8 CAB Disponível Livro Fundo local. - 6-10 anos
  Completo Biblioteca Municipal de Viana Do Alentejo Biblioteca Municipal de Viana Do Alentejo Pólo Aguiar 0023366 8 CAB Disponível Livro 6-10 anos
  Completo Biblioteca Municipal de Viana Do Alentejo Pólo Alcáçovas Biblioteca Municipal de Viana Do Alentejo Pólo Alcáçovas 0023367 8 CAB Disponível Livro 6-10 anos




Powered by Koha